000 00597nam a2200157 a 4500
001 000040519
005 20201002034203.0
008 130829s2003 dr 000 0 spa d
040 _aDO-SdBNP
_bspa
_cBNPHU
100 1 _aReyes Ramón Emilio
_91234
245 1 0 _aGrandes textos de la literatura :
_bun análisis técnico de método de composición poética /
_cRamón Emilio Reyes.
260 _aSantiago de los Caballeros :
_bUtesa,
_c2003.
300 _av. (207) p. ;
_c21 cm.
500 _aLa biblioteca posee el v. 1
710 2 _aUniversidad Tecnológica de Santiago(República Dominicana )
_966822
999 _c40009
_d40009